Prioritou národné záujmy SR Slovenská armáda bude mať v tomto toku 46 tisíc vojakov

Bibliographic Details
Main Authors: Tuchyňa, Jozef, 1941-2019 (Author), Dudinský, Marián (Author)
Format: Article
Language:Slovak
PhysicalDescription:Fotogr. 2
Subjects:

MARC

LEADER 00000nab a2200000 a 4500
001 vtls000544496
003 SK-MaSNL
005 20260303114124.0
008 120929c1995 xo 0 slo
015 |a SNBRB19rr/mm-uuuuu 
035 |a CL0544634 
040 |a SNKBUCL  |b slo  |c SNKBUCL  |e AACR2 
041 0 |a slo 
044 |a xo  |c SK 
080 |a 355.311.1(437.6)  |2 1981 
100 1 |a Tuchyňa, Jozef,  |d 1941-2019  |4 aut  |9 224701 
245 1 0 |a Prioritou národné záujmy SR  |b Slovenská armáda bude mať v tomto toku 46 tisíc vojakov  |c Jozef Tuchyňa, Marián Dudinský 
300 |b Fotogr. 2 
500 |a Chybné číslovanie. Má byť č. 97 
650 0 7 |a Armáda Slovenskej republiky  |2 snkbucl  |9 894060 
655 7 |a články z novín a časopisov  |2 snkbucl  |9 267496 
700 1 |a Dudinský, Marián  |4 aut  |9 896358 
773 0 |t Slovenská republika  |g Roč. 2, č. 95 (27. 4. 1995), s. 11 
850 |a Slovenská národná knižnica v Martine  |a MTA001 
852 |a SNK  |b KIS3GCP 
958 |a RK 
992 |a RBX 
999 |c 1897350  |d 1899280